|
|
|
|
| LEADER |
00000nam0a2200000 4500 |
| 001 |
220089 |
| 005 |
20231031195326.0 |
| 010 |
|
|
|a 5703501245
|
| 020 |
|
|
|a RU
|b 89-81742
|
| 035 |
|
|
|a (RuTPU)RU\TPU\book\240203
|
| 090 |
|
|
|a 220089
|
| 100 |
|
|
|a 20120813d1989 m y0rusy5003 ca
|
| 101 |
0 |
|
|a rus
|
| 102 |
|
|
|a RU
|
| 105 |
|
|
|a a j 001zy
|
| 200 |
1 |
|
|a Микропроцессоры и микроЭВМ в радиосистемах передачи информации летательных аппаратов
|e учебное пособие
|f И. Д. Калашников, Р. Б. Мазепа, Д. А. Сухарев
|g Московский авиационный институт (МАИ)
|
| 210 |
|
|
|a Москва
|c Изд-во МАИ
|d 1989
|
| 215 |
|
|
|a 52 с.
|c ил.
|
| 320 |
|
|
|a Библиогр.: с. 48 (15 назв.).
|
| 610 |
1 |
|
|a летательные аппараты
|
| 610 |
1 |
|
|a радиосигналы
|
| 610 |
1 |
|
|a вычислительные системы микропроцессорные
|
| 610 |
1 |
|
|a радиоэлектронное оборудование
|
| 610 |
1 |
|
|a обработка
|
| 610 |
1 |
|
|a ЭВМ
|
| 610 |
1 |
|
|a элементная база
|
| 610 |
1 |
|
|a учебные пособия
|
| 675 |
|
|
|a 629.73.05:621.3(075.8)
|z rus
|
| 700 |
|
1 |
|a Калашников
|b И. Д.
|g Игорь Дмитриевич
|4 070
|
| 701 |
|
1 |
|a Мазепа
|b Р. Б.
|g Роман Богданович
|
| 701 |
|
1 |
|a Сухарев
|b Д. А.
|g Дмитрий Александрович
|
| 712 |
0 |
2 |
|a Московский авиационный институт (МАИ)
|2 stltpush
|3 (RuTPU)RU\TPU\col\3642
|
| 801 |
|
0 |
|a RU
|b RuMRKP
|c 19950417
|g psbo
|
| 801 |
|
1 |
|a RU
|b 63413507
|c 20120813
|
| 801 |
|
2 |
|a RU
|b 63413507
|c 20130610
|g RCR
|
| 942 |
|
|
|c BK
|